Introduction to Indian knowledge system: concepts and applications (Record no. 1218970)

MARC details
000 -LEADER
fixed length control field 00737nam a2200253Ia 4500
008 - FIXED-LENGTH DATA ELEMENTS--GENERAL INFORMATION
fixed length control field 241008s9999 xx 000 0 und d
020 ## - INTERNATIONAL STANDARD BOOK NUMBER
International Standard Book Number 978-93-91818-20-3
037 ## - SOURCE OF ACQUISITION
Stock number TB
040 ## - CATALOGING SOURCE
Original cataloging agency CRL
Language of cataloging eng
Transcribing agency CRL
041 ## - LANGUAGE CODE
Language code of text/sound track or separate title eng
Source of code eng
082 ## - DEWEY DECIMAL CLASSIFICATION NUMBER
Classification number 2N7 R2
082 ## - DEWEY DECIMAL CLASSIFICATION NUMBER
Assigning agency CRL
100 ## - MAIN ENTRY--PERSONAL NAME
Personal name Mahadevan B. Au.; Bhat Vinayak Rajat Au.; Pavana Nagendra Au.
245 #0 - TITLE STATEMENT
Title Introduction to Indian knowledge system: concepts and applications
245 #0 - TITLE STATEMENT
Statement of responsibility, etc. Mahadevan B. Au.; Bhat Vinayak Rajat Au.; Pavana Nagendra Au.
260 ## - PUBLICATION, DISTRIBUTION, ETC.
Place of publication, distribution, etc. India
Name of publisher, distributor, etc. Delhi PHI Learning
Date of publication, distribution, etc. 2022
300 ## - PHYSICAL DESCRIPTION
Extent xxviii,417p.
365 ## - TRADE PRICE
Price type code INR
365 ## - TRADE PRICE
Price amount 795
650 ## - SUBJECT ADDED ENTRY--TOPICAL TERM
Topical term or geographic name entry element Library Science
942 ## - ADDED ENTRY ELEMENTS (KOHA)
Koha item type
942 ## - ADDED ENTRY ELEMENTS (KOHA)
Classification part 2N7 R2
Holdings
Withdrawn status Lost status Source of classification or shelving scheme Damaged status Not for loan Home library Current library Date acquired Source of acquisition Cost, normal purchase price Inventory number Total Checkouts Full call number Barcode Date last seen Price effective from Koha item type
    Colon Classification (CC)     Central Library Central Library 2024-12-05 Classic Book Service 795.00 49 & 03/11/2022   z44 R2 CL1678789 2024-10-08 2024-10-08 Textbook
Copyright @ Delhi University Library System